Rusko-Pobaltské vzťahy

Vývoj rusko-pobaltských vzťahov po rozpade Sovietskeho zväzu až do súčasnosti, potenciálne bezpečnostné hrozby v pobaltskom regióne a najvýznamnejšie medzníky v rusko-pobaltských vzťahoch. Hrozba ozbrojenej konfrontácie Aliancie a Ruska v Pobaltí, ako aj možnosť snahy Ruska získať vyšší vplyv v regi...

Descrizione completa

Salvato in:
Dettagli Bibliografici
Autore principale: Majchút, Ivan
Altri autori: Bakič, Martin
Natura: Capitolo di libro
Lingua:inglese
Soggetti:
Tags: Aggiungi Tag
Nessun Tag, puoi essere il primo ad aggiungerne!!

MARC

LEADER 00000naa a2200000 4500
001 0281970
005 20240417075153.7
041 0 |a eng 
044 |a SK 
245 1 0 |a Rusko-Pobaltské vzťahy  |c Ivan Majchút, Martin Bakič 
520 |a Vývoj rusko-pobaltských vzťahov po rozpade Sovietskeho zväzu až do súčasnosti, potenciálne bezpečnostné hrozby v pobaltskom regióne a najvýznamnejšie medzníky v rusko-pobaltských vzťahoch. Hrozba ozbrojenej konfrontácie Aliancie a Ruska v Pobaltí, ako aj možnosť snahy Ruska získať vyšší vplyv v regióne inou formou. 
610 2 0 |a vzťahy medzinárodné 
610 2 0 |a bezpečnosť európska 
610 2 0 |a bezpečnosť medzinárodná 
610 2 0 |a Pobaltie 
610 2 0 |a Rusko 
100 1 |a Majchút, Ivan 
700 1 |a Bakič, Martin